Top 10 Football (Soccer) Players In The World (2012) - Statistics

General Stats
  • This quiz has been taken 3,924 times
  • The average score is 6 of 10
Answer Stats
Rank Player % Correct
1 Lionel Messi
100%
2 Christiano Ronaldo
98%
5 Andres Iniesta
70%
4 Xavi Hernandez
70%
7 Robin Van Persie
55%
9 Neymar Da Silva
52%
3 Wayne Rooney
49%
6 Zlatan Ibrahimovic
37%
8 Didier Drogba
23%
10 Wesley Sneijder
12%
No matching quizzes found
Score Distribution
Percent of People with Each Score
Percentile by Number Answered
Your Score History
You have not taken this quiz